J.D. Salinger: Do výšok zdvíhajte krov, tesári a Seymour, úvod

Bibliographic Details
Main Author: Chorváthová, Michaela (Author)
Format: Article
Language:Slovak
Subjects:

MARC

LEADER 00000cab a2200000 a 4500
001 vtls000772875
003 SK-MaSNL
005 20260304212716.0
008 250505c2001 xo 0 slo
015 |a SNBRB2001/10-30803 
035 |a CLN000124662 
035 |a urn:nbn:sk:snk-abbuq3 
035 |a (urnnbn)urn:nbn:sk:snk:ar-006fpe 
035 |a (uuid)92c990ff-b6aa-4a22-95be-10b1b0ed7cbe 
040 |a SNKBUCL  |b slo  |c SNKBUCL  |e AACR2 
041 0 |a slo 
044 |a xo  |c SK 
080 |a 82.09:820 (73)-3(048)  |2 1997 
080 |a 820 (73)-3(048)  |2 1997 
100 1 |a Chorváthová, Michaela  |4 aut  |9 14776 
245 1 0 |a J.D. Salinger: Do výšok zdvíhajte krov, tesári a Seymour, úvod  |c Michaela Chorváthová 
650 0 7 |a americké novely  |2 snkbucl  |9 383516 
655 7 |a recenzie  |2 snkbucl  |9 21907 
655 7 |a články z odboru literárna veda a krásna literatúra  |2 snkbucl  |9 770045 
655 7 |a články z novín a časopisov  |2 snkbucl  |9 267496 
773 0 |t Revue svetovej literatúry  |g Roč. 37, č. 2 (2001), s. 188-190 
787 0 8 |i Rec.:  |a Salinger, J. D.  |t Do výšok zdvíhajte krov, tesári  |d Bratislava : Slovenský spisovateľ, 2001  |z 8022010839 
850 |a Slovenská národná knižnica 
852 |a Slovenská národná knižnica 
954 |a odborná, vedecká literatúra pôvodná (slovenská)  |2 lita 
958 |a article15 
958 |a OND 
958 |a LX 
958 |a US 
958 |a RC 
958 |a EUIPO 
992 |a RBX 
999 |c 3132621  |d 3134551